000 00307nam a2200145Ia 4500
100 _aRifkin/Ira
942 _cBK
366 _f28
245 _a75 people who changed the world
260 _bJaico Publishing House
_c2015
082 _bRIF
300 _a277
546 _aENGLISH
_cComputers
999 _c34666
_d34666